Dictionar sârb-român /
| Hlavní autor: | Flora, Radu |
|---|---|
| Jazyk: | Srbština Rumunština, moldovština, moldavština |
| Vydáno: |
Varşeţ : Fraţie-Unitate, 1952 |
| Fyzický popis: |
12, 645 s. |
| LEADER | 00568nam a22002052a 4500 | ||
|---|---|---|---|
| 001 | 001417392 | ||
| 003 | CZ BrMZK | ||
| 005 | 20140904073427.0 | ||
| 007 | ta | ||
| 008 | 140903s1952 rb er|||||||||||srp d | ||
| 040 | |a BOA001 |b cze | ||
| 041 | 0 | |a srp |a rum | |
| 100 | 1 | |a Flora, Radu |4 aut | |
| 245 | 1 | 0 | |a Dictionar sârb-român / |c Radu Flora |
| 260 | |a Varşeţ : |b Fraţie-Unitate, |c 1952 | ||
| 300 | |a 12, 645 s. | ||
| 910 | |a BOA001 |b 2-0402.853 | ||
| 990 | |a BK | ||
| 991 | |b 201409 | ||
| 996 | 7 | |b 2619128093 |c 2-0402.853 |l MZK |r Sklad / do 24 hodin |n 0 |w 001452339 |u 000010 |a 1 |e BOA001 |j MZK50 |s A | |
English
Čeština 